|
|
|
|
| LEADER |
00000nam0a2200000 4500 |
| 001 |
368743 |
| 005 |
20231102012119.0 |
| 035 |
|
|
|a (RuTPU)RU\TPU\retro\26125
|
| 090 |
|
|
|a 368743
|
| 100 |
|
|
|a 20220419d1980 km y0rusy50 ca
|
| 101 |
0 |
|
|a rus
|
| 102 |
|
|
|a UZ
|
| 105 |
|
|
|a a z 001zy
|
| 200 |
1 |
|
|a Геодинамика берегов водохранилищ Средней Азии
|f З. Х. Халматов
|g Институт гидрогеологии и инженерной геологии
|
| 210 |
|
|
|a Ташкент
|c Фан
|d 1980
|
| 215 |
|
|
|a 160 с.
|c ил.
|
| 320 |
|
|
|a Библиогр.: с. 157-159
|
| 606 |
1 |
|
|a Водохранилища
|x Расчет
|2 stltpush
|3 (RuTPU)RU\TPU\subj\3089
|
| 610 |
1 |
|
|a берега
|
| 610 |
1 |
|
|a геодинамика
|
| 610 |
1 |
|
|a Средняя Азия
|
| 610 |
1 |
|
|a инженерно-геологическая изученность
|
| 610 |
1 |
|
|a горно-складчатые области
|
| 610 |
1 |
|
|a защита
|
| 610 |
1 |
|
|a рациональное использование
|
| 675 |
|
|
|a 627.81
|v 4
|
| 700 |
|
1 |
|a Халматов
|b З. Х.
|g Закир Халматович
|
| 712 |
0 |
2 |
|a Институт гидрогеологии и инженерной геологии
|c (Ташкент)
|2 stltpush
|3 (RuTPU)RU\TPU\col\17073
|9 26509
|
| 801 |
|
1 |
|a RU
|b 63413507
|c 20220419
|
| 942 |
|
|
|c BK
|